Lawrence de Arabia / (Record no. 175014)
[ view plain ]
| 000 -LEADER | |
|---|---|
| campo de control de longitud fija | 01164nam a2200301 i 4500 |
| 001 - NÚMERO DE CONTROL | |
| campo de control | 175014 |
| 003 - IDENTIFICADOR DE NÚMERO DE CONTROL | |
| campo de control | ES-MaACL |
| 005 - FECHA Y HORA DE LA ÚLTIMA TRANSACCIÓN | |
| campo de control | 20250719063324.0 |
| 008 - DATOS DE LONGITUD FIJA--INFORMACIÓN GENERAL | |
| campo de control de longitud fija | 160408s2003 sp abco |||| |bspa d |
| 080 ## - NÚMERO DE LA CLASIFICACIÓN DECIMAL UNIVERSAL | |
| Número de la Clasificación Decimal Universal | 929 Lawrence, T. E. |
| 100 1# - ENTRADA PRINCIPAL--NOMBRE DE PERSONA | |
| Nombre de persona | Graves, Richard Perceval |
| Término indicativo de función/relación | Autor |
| 9 (RLIN) | 143369 |
| 245 10 - MENCIÓN DEL TÍTULO | |
| Título | Lawrence de Arabia / |
| Mención de responsabilidad, etc. | Richard P. Graves ; prólogo de Inocencio F. Arias ; [traducción, Jesús A. Marinas]. |
| 250 ## - MENCION DE EDICION | |
| Mención de edición | Ed. especial para este periódico. |
| 260 ## - PUBLICACIÓN, DISTRIBUCIÓN, ETC. | |
| Lugar de publicación, distribución, etc. | [Barcelona] : |
| Nombre del editor, distribuidor, etc. | Folio, |
| Fecha de publicación, distribución, etc. | [2003] |
| 300 ## - DESCRIPCIÓN FÍSICA | |
| Extensión | 189 páginas : |
| Otras características físicas | ilustraciones ; |
| Dimensiones | 21 cm. |
| 490 1# - MENCIÓN DE SERIE | |
| Mención de serie | Biblioteca ABC. Protagonistas del s. XX ; |
| Designación de volumen o secuencia | 6 |
| 500 ## - NOTA GENERAL | |
| Nota general | Cronología |
| 600 14 - PUNTO DE ACCESO ADICIONAL DE MATERIA--NOMBRE DE PERSONA | |
| Nombre de persona | Lawrence, T. E. |
| 9 (RLIN) | 143370 |
| 700 1# - ENTRADA AGREGADA--NOMBRE PERSONAL | |
| Nombre de persona | Arias, Inocencio, |
| Fechas asociadas al nombre | 1940- |
| Término indicativo de función/relación | Autor de introducción |
| 9 (RLIN) | 22748 |
| 700 1# - ENTRADA AGREGADA--NOMBRE PERSONAL | |
| Nombre de persona | Marinas, Jesús A. |
| Término indicativo de función/relación | Traductor |
| 9 (RLIN) | 241341 |
| 710 2# - ENTRADA AGREGADA--NOMBRE DE ENTIDAD CORPORATIVA | |
| Nombre de entidad corporativa o nombre de jurisdicción como elemento de entrada | Diario ABC. |
| Término indicativo de función/relación | entidad responsable |
| 9 (RLIN) | 1137 |
| 830 00 - PUNTO DE ACCESO ADICIONAL DE SERIE-TÍTULO UNIFORME | |
| Título uniforme | Biblioteca ABC. Protagonistas del s. XX ; |
| Designación de volumen o secuencia | 6 |
| 9 (RLIN) | 192266 |
| 852 ## - LOCALIZACIÓN | |
| Ubicación | ES-MaACL |
| Sublocalización o colección | R.145186 |
| Ubicación en estantería | Depósito 1 |
| Signatura antigua | Olim: N-6694 |
| Donativo/Legado | Donativo Manuel Halffter |
| Número de control de estantería | A-13694 |
| Encuadernación | Cartoné |
| itemnumber | 181750 |
| 903 ## - NOMBRE PERSONAL DE DONANTE | |
| 9 | 234308 |
| a | Halffter, Manuel |
| e | Donante |
| 942 ## - ELEMENTOS DE ENTRADA SECUNDARIOS (KOHA) | |
| Fuente del sistema de clasificación o colocación | Clasificación decimal universal |
| Tipo de ítem Koha | Libro impreso |
| Suprimir en OPAC | No |
| Estatus retirado | Estado de pérdida | Fuente del sistema de clasificación o colocación | Estado de daño | No para préstamo | Biblioteca de origen | Biblioteca actual | Ubicación en estantería | Fecha de adquisición | Fuente de adquisición | Total de préstamos | Signatura topográfica completa | Código de barras | Visto por última vez | Tipo de ítem Koha |
|---|---|---|---|---|---|---|---|---|---|---|---|---|---|---|
| Clasificación decimal universal | Biblioteca del Ateneo de Madrid | Biblioteca del Ateneo de Madrid | Depósito 1 | 08/04/2016 | Donación | A-13694 | 1195104 | 23/02/2023 | Libro impreso |
